000
00306nam a2200121Ia 4500
008
190216s9999||||xx |||||||||||||| ||und||
100
_a
Mazhamangalam
245
0
_a
Bhasha Naishadachanyam
260
_b
Poorna Pubs Kozhikode
300
_a
193
650
_a
Malayalam-Malayalam Language
942
_c
BK
999
_c
27013
_d
27013